[Event "RD-2013-0-00087"]
[Site "LSS email"]
[Date "2013.08.26"]
[Round "?"]
[White "Blais, Richard"]
[Black "Henke, Simon"]
[Result "0-1"]
[WhiteElo "1354"]
[BlackElo "1411"]
[PlyCount "74"]
[EventDate "2013.06.28"]
[EventType "tourn (corr)"]
[EventRounds "6"]
[EventCountry "GER"]
[SourceTitle "Telechess CBM 163"]
[Source "ChessBase"]
[SourceDate "2014.11.11"]
[SourceVersion "2"]
[SourceVersionDate "2014.11.11"]
[SourceQuality "1"]

1. e4 e6 2. d4 d5 3. Nc3 Bb4 4. e5 c5 5. a3 Bxc3+ 6. bxc3 Qa5 7. Bd2 Qa4 8. Nf3 c4 9. Be2 Nc6 10. 0-0 Bd7 11. Ng5 h6 12. Nxf7 Kxf7 13. Bh5+ g6 14. Bg4 Rf8 15. f4 Nge7 16. h4 h5 17. Bh3 Nf5 18. Bxf5 gxf5 19. Rf3 Rfg8 20. Rb1 b6 21. Bc1 Rg4 22. Qe2 Rhg8 23. Rf2 Ne7 24. Rb4 Qa6 25. Qf3 Ng6 26. g3 Nxh4 27. Qe2 Rxg3+ 28. Kh2 Rg2+ 29. Kh1 Rg1+ 30. Kh2 R8g2+ 31. Rxg2 Rxg2+ 32. Qxg2 Nxg2 33. Kxg2 Qc8 34. Be3 Qg8+ 35. Kh2 h4 36. Bf2 Qg4 37. Rb1 Qxf4+ 0-1

[Event "RD-2013-0-00087"]
[Site "LSS email"]
[Date "2013.08.26"]
[Round "?"]
[White "Stadler, Pavel"]
[Black "Blais, Richard"]
[Result "1-0"]
[WhiteElo "1436"]
[BlackElo "1354"]
[PlyCount "53"]
[EventDate "2013.06.28"]
[EventType "tourn (corr)"]
[EventRounds "6"]
[EventCountry "GER"]
[SourceTitle "Telechess CBM 163"]
[Source "ChessBase"]
[SourceDate "2014.11.11"]
[SourceVersion "2"]
[SourceVersionDate "2014.11.11"]
[SourceQuality "1"]

1. e4 e5 2. Nf3 Nc6 3. Bc4 Nd4 4. 0-0 d6 5. c3 Nxf3+ 6. Qxf3 Nf6 7. h3 Be7 8. d4 exd4 9. cxd4 Be6 10. d5 Bd7 11. Nc3 0-0 12. Re1 a6 13. a4 c6 14. Bg5 b5 15. axb5 cxb5 16. Bb3 b4 17. Ne2 Bb5 18. Nd4 Qd7 19. Nf5 Rac8 20. Rac1 Rc5 21. Rxc5 dxc5 22. Nxe7+ Qxe7 23. e5 h6 24. d6 Qd8 25. Bxf6 gxf6 26. exf6 Kh7 27. Qf5+ 1-0

[Event "BI-2013-P-00017"]
[Site "LSS email"]
[Date "2013.04.22"]
[Round "?"]
[White "Kerecsenyi, Zoltan"]
[Black "Blais, Richard"]
[Result "1-0"]
[WhiteElo "1582"]
[BlackElo "1354"]
[PlyCount "45"]
[EventDate "2013.04.25"]
[EventType "tourn (corr)"]
[EventRounds "10"]
[EventCountry "GER"]
[SourceTitle "Telechess CBM 167"]
[Source "ChessBase"]
[SourceDate "2015.07.13"]
[SourceVersion "1"]
[SourceVersionDate "2015.07.13"]
[SourceQuality "1"]

1. e4 e5 2. Nf3 Nc6 3. d4 exd4 4. Nxd4 Nf6 5. Nxc6 bxc6 6. e5 Nd5 7. c4 Nb6 8. Bd3 Be7 9. 0-0 Bb7 10. Qg4 g6 11. Nc3 0-0 12. Bh6 Re8 13. f4 d5 14. f5 Bc8 15. Rae1 Bf8 16. Bxf8 Rxf8 17. e6 dxc4 18. fxg6 Qxd3 19. gxh7+ Kh8 20. Qf4 Bxe6 21. Qf6+ Kxh7 22. Rf4 Qg6 23. Rh4+ 1-0

[Event "BI-2013-P-00017"]
[Site "LSS email"]
[Date "2013.04.22"]
[Round "?"]
[White "Nenciulescu, Silviu Catalin"]
[Black "Blais, Richard"]
[Result "1-0"]
[WhiteElo "2057"]
[BlackElo "1354"]
[PlyCount "47"]
[EventDate "2013.04.25"]
[EventType "tourn (corr)"]
[EventRounds "10"]
[EventCountry "GER"]
[SourceTitle "Telechess CBM 167"]
[Source "ChessBase"]
[SourceDate "2015.07.13"]
[SourceVersion "1"]
[SourceVersionDate "2015.07.13"]
[SourceQuality "1"]

1. c4 e5 2. Nc3 Nc6 3. Nf3 Nf6 4. g3 Bc5 5. Bg2 0-0 6. 0-0 d5 7. cxd5 Nxd5 8. Nxd5 Qxd5 9. Ng5 Qd8 10. Nxh7 Bxf2+ 11. Rxf2 Kxh7 12. Qc2+ Kh8 13. Bxc6 bxc6 14. Qxc6 Rb8 15. d3 Bb7 16. Qc5 Re8 17. Rxf7 Qd5 18. Qxd5 Bxd5 19. Rxc7 Rb7 20. Rxb7 Bxb7 21. Be3 a6 22. Rc1 Bd5 23. b3 Ra8 24. Rc5 1-0

[Event "BI-2013-P-00017"]
[Site "LSS email"]
[Date "2013.04.22"]
[Round "?"]
[White "Polastri, Antonio"]
[Black "Blais, Richard"]
[Result "1-0"]
[WhiteElo "1850"]
[BlackElo "1600"]
[PlyCount "25"]
[EventDate "2013.04.25"]
[EventType "tourn (corr)"]
[EventRounds "10"]
[EventCountry "GER"]
[SourceTitle "Corr 2022"]
[Source "ChessBase"]
[SourceDate "2021.10.24"]
[SourceVersion "1"]
[SourceVersionDate "2021.10.24"]
[SourceQuality "1"]

1. d4 Nf6 2. c4 e6 3. Nf3 b6 4. g3 Bb7 5. Bg2 Be7 6. 0-0 0-0 7. Nc3 Ne4 8. Qc2 f5 9. Ne5 Nxc3 10. Bxb7 Ne4 11. Bxa8 d5 12. cxd5 Qxd5 13. Bxd5 1-0

[Event "BI-2013-P-00017"]
[Site "LSS email"]
[Date "2013.04.22"]
[Round "?"]
[White "Snitselaar, Jerry J"]
[Black "Blais, Richard"]
[Result "1-0"]
[WhiteElo "1382"]
[BlackElo "1354"]
[PlyCount "57"]
[EventDate "2013.04.25"]
[EventType "tourn (corr)"]
[EventRounds "10"]
[EventCountry "GER"]
[SourceTitle "Telechess CBM 167"]
[Source "ChessBase"]
[SourceDate "2015.07.13"]
[SourceVersion "1"]
[SourceVersionDate "2015.07.13"]
[SourceQuality "1"]

1. e4 e5 2. Nf3 Nc6 3. Bb5 a6 4. Bxc6 dxc6 5. 0-0 Bd6 6. d4 Bg4 7. dxe5 Bxf3 8. Qxf3 Bxe5 9. Nd2 Nf6 10. Nc4 Qe7 11. Rd1 0-0 12. Qf5 Bd6 13. e5 Nd5 14. exd6 cxd6 15. Bg5 f6 16. Bd2 Qf7 17. Nxd6 Qc7 18. Bf4 Nxf4 19. Qxf4 Rad8 20. Qc4+ Kh8 21. Nf7+ Rxf7 22. Rxd8+ Qxd8 23. Qxf7 h6 24. Re1 Qd2 25. Kf1 Kh7 26. g3 Qxc2 27. Re7 Qc1+ 28. Kg2 Qg5 29. h4 1-0

[Event "OP-2013-0-02740"]
[Site "LSS email"]
[Date "2013.04.19"]
[Round "?"]
[White "Blais, Richard"]
[Black "Eichner, Dieter"]
[Result "0-1"]
[WhiteElo "1401"]
[BlackElo "1745"]
[PlyCount "52"]
[EventDate "2013.04.15"]
[EventType "tourn (corr)"]
[EventRounds "4"]
[EventCountry "GER"]
[SourceTitle "Telechess CBM 161"]
[Source "ChessBase"]
[SourceDate "2014.07.16"]
[SourceVersion "1"]
[SourceVersionDate "2014.07.16"]
[SourceQuality "1"]

1. d4 d5 2. Nf3 c5 3. e3 Nf6 4. c3 Nc6 5. dxc5 e5 6. Be2 Bxc5 7. Nbd2 0-0 8. Nb3 Bb6 9. Bd2 Qe7 10. 0-0 Bc7 11. a3 Rd8 12. Qc2 Bg4 13. Rfe1 e4 14. Nfd4 Bxe2 15. Rxe2 Bxh2+ 16. Kf1 Ne5 17. g3 Nf3 18. Kg2 Qe5 19. Nxf3 exf3+ 20. Kxf3 Qh5+ 21. Kg2 Bxg3 22. Kxg3 Ne4+ 23. Kg2 Rd6 24. Ree1 Rg6+ 25. Kf1 Rf6 26. f4 Qf3+ 0-1

[Event "OP-2013-0-02740"]
[Site "LSS email"]
[Date "2013.04.19"]
[Round "?"]
[White "Molina, Vicente Andres"]
[Black "Blais, Richard"]
[Result "0-1"]
[WhiteElo "773"]
[BlackElo "1401"]
[PlyCount "150"]
[EventDate "2013.04.15"]
[EventType "tourn (corr)"]
[EventRounds "4"]
[EventCountry "GER"]
[SourceTitle "Telechess CBM 161"]
[Source "ChessBase"]
[SourceDate "2014.07.16"]
[SourceVersion "1"]
[SourceVersionDate "2014.07.16"]
[SourceQuality "1"]

1. c4 Nf6 2. Nc3 e5 3. g3 c6 4. Bg2 Bb4 5. d4 exd4 6. Qxd4 d5 7. cxd5 Bxc3+ 8. bxc3 cxd5 9. Bg5 Nbd7 10. Bxd5 0-0 11. e4 Qa5 12. Ne2 Nxd5 13. exd5 Nb6 14. Be7 Re8 15. d6 Bh3 16. Nf4 Bg4 17. 0-0 Nd7 18. f3 Bf5 19. Nd5 Rec8 20. c4 Qc5 21. Qxc5 Rxc5 22. Nc7 Rc8 23. Rac1 Bd3 24. Rf2 Bxc4 25. Rfc2 b5 26. a4 a6 27. axb5 axb5 28. Na6 R5c6 29. Nb4 Rc5 30. Kf2 Ne5 31. Rd2 Nd7 32. Re1 Be6 33. f4 Bf5 34. Nd5 Rc2 35. Rxc2 Rxc2+ 36. Ke3 f6 37. Rb1 Re2+ 38. Kxe2 Bxb1 39. Nb4 Kf7 40. Bd8 Nc5 41. Bb6 Nd7 42. Be3 Ke6 43. Kd2 Kxd6 44. Kc3 Be4 45. Ba7 Bg2 46. Kd4 Bf3 47. Nd3 Be2 48. Nc5 Nxc5 49. Bxc5+ Kc6 50. Bf8 g6 51. Be7 f5 52. Bb4 Bh5 53. Ke5 Bg4 54. Kf6 Kd5 55. Kg7 Bh5 56. Kxh7 Kc4 57. Be1 b4 58. Bxb4 Kxb4 59. Kh6 Kc4 60. Kg5 Kd4 61. h3 Ke3 62. g4 Bxg4 63. hxg4 Ke4 64. Kxg6 fxg4 65. f5 g3 66. f6 g2 67. f7 g1Q+ 68. Kf6 Qd4+ 69. Ke7 Qe5+ 70. Kd8 Qf6+ 71. Ke8 Qe6+ 72. Kf8 Kf5 73. Kg7 Qf6+ 74. Kg8 Qg6+ 75. Kf8 Kf6 0-1

[Event "OP-2013-0-02685"]
[Site "LSS email"]
[Date "2013.03.12"]
[Round "?"]
[White "Blais, Richard"]
[Black "Vontina, Maria"]
[Result "1-0"]
[WhiteElo "1542"]
[BlackElo "684"]
[PlyCount "45"]
[EventDate "2013.03.09"]
[EventType "tourn (corr)"]
[EventRounds "4"]
[EventCountry "GER"]
[SourceTitle "Telechess CBM 159"]
[Source "ChessBase"]
[SourceDate "2014.03.17"]
[SourceVersion "1"]
[SourceVersionDate "2014.03.17"]
[SourceQuality "1"]

1. e4 c5 2. d4 cxd4 3. c3 dxc3 4. Nxc3 Nc6 5. Nf3 d6 6. Bc4 Nf6 7. 0-0 e6 8. Qe2 Be7 9. Rd1 Qc7 10. Bf4 a6 11. a4 0-0 12. Rac1 Rd8 13. Ba2 Bd7 14. Nd5 exd5 15. exd5 Re8 16. dxc6 bxc6 17. Ng5 Be6 18. Bxe6 fxe6 19. Qxe6+ Kh8 20. Nf7+ Kg8 21. Nh6+ Kh8 22. Qg8+ Rxg8 23. Nf7# 1-0

[Event "OP-2013-0-02685"]
[Site "LSS email"]
[Date "2013.03.12"]
[Round "?"]
[White "Eichner, Dieter"]
[Black "Blais, Richard"]
[Result "1-0"]
[WhiteElo "1782"]
[BlackElo "1542"]
[PlyCount "43"]
[EventDate "2013.03.09"]
[EventType "tourn (corr)"]
[EventRounds "4"]
[EventCountry "GER"]
[SourceTitle "Telechess CBM 159"]
[Source "ChessBase"]
[SourceDate "2014.03.17"]
[SourceVersion "1"]
[SourceVersionDate "2014.03.17"]
[SourceQuality "1"]

1. e4 e5 2. d3 d5 3. exd5 Qxd5 4. Nc3 Bb4 5. Nf3 Bg4 6. Be2 Nc6 7. 0-0 Bxc3 8. bxc3 0-0-0 9. h3 Bh5 10. c4 Qd7 11. Rb1 Bg6 12. Bb2 f6 13. Qc1 Nge7 14. Bc3 Nd4 15. Nxd4 exd4 16. Bf3 Nc6 17. Qa3 Qd6 18. c5 Qd7 19. Rxb7 Kxb7 20. Rb1+ Ka8 21. Qa6 Be8 22. Qb7# 1-0

[Event "Montreal Premiere Neige"]
[Site "Montreal"]
[Date "2003.12.13"]
[Round "3"]
[White "Ramaswamy, Kishor"]
[Black "Blais, Richard"]
[Result "1-0"]
[WhiteElo "2118"]
[BlackElo "1745"]
[PlyCount "35"]
[EventDate "2003.12.??"]
[EventType "swiss"]
[EventRounds "5"]
[EventCountry "CAN"]
[SourceTitle "EXT 2006"]
[Source "ChessBase"]
[SourceDate "2005.11.24"]
[SourceVersion "1"]
[SourceVersionDate "2005.11.24"]
[SourceQuality "1"]

1. d4 f5 2. Nc3 Nf6 3. Bg5 g6 4. Bxf6 exf6 5. e3 d5 6. Bd3 Bg7 7. Nge2 Be6 8. Nf4 Bf7 9. Qf3 c6 10. h4 Qb6 11. 0-0-0 Nd7 12. h5 Qc7 13. Qg3 Bh6 14. hxg6 hxg6 15. Rh3 0-0-0 16. Nxg6 Bxg6 17. Qxg6 Rdg8 18. Rxh6 1-0

[Event "Quebec-ch qual 1"]
[Site "Montreal"]
[Date "2003.05.03"]
[Round "3"]
[White "Rousseau, Daniel"]
[Black "Blais, Richard"]
[Result "1-0"]
[WhiteElo "2113"]
[BlackElo "1759"]
[PlyCount "91"]
[EventDate "2003.05.??"]
[EventType "swiss"]
[EventRounds "5"]
[EventCountry "CAN"]
[SourceTitle "EXT 2006"]
[Source "ChessBase"]
[SourceDate "2005.11.24"]
[SourceVersion "1"]
[SourceVersionDate "2005.11.24"]
[SourceQuality "1"]

1. e4 e5 2. Nf3 Nc6 3. Bb5 d6 4. d4 Bd7 5. d5 Nce7 6. Bxd7+ Qxd7 7. 0-0 Nf6 8. Re1 Ng6 9. c4 Be7 10. Nc3 0-0 11. Bd2 c6 12. Qa4 a6 13. Rad1 c5 14. Qxd7 Nxd7 15. g4 Rfb8 16. a4 b6 17. Ra1 Bd8 18. Kg2 Rb7 19. Kg3 Rab8 20. h4 Ne7 21. h5 Nc8 22. g5 Nf8 23. Rh1 Na7 24. Nh4 a5 25. Nf5 Rd7 26. Rh3 Rbb7 27. Rah1 Be7 28. f4 f6 29. Kf3 fxg5 30. fxe5 dxe5 31. h6 g6 32. Ne3 Bd8 33. Ng4 Rf7+ 34. Ke2 Nd7 35. Rf3 Rxf3 36. Kxf3 Be7 37. Rf1 Rb8 38. Ke2 Rf8 39. Rxf8+ Kxf8 40. Kd3 Kf7 41. Ne2 Bf6 42. Ng1 Ke7 43. Nf3 Kd6 44. Bxg5 Bxg5 45. Nxg5 Nf8 46. Nf7+ 1-0